Statistical association methods for mechanized documentation (Record no. 56512)
[ view plain ]
| 000 -LEADER | |
|---|---|
| fixed length control field | 00536nam a22001577a 4500 |
| 008 - FIXED-LENGTH DATA ELEMENTS--GENERAL INFORMATION | |
| fixed length control field | 230721b |||||||| |||| 00| 0 eng d |
| 040 ## - CATALOGING SOURCE | |
| Original cataloging agency | National Science Library |
| Transcribing agency | National Science Library |
| 080 ## - UNIVERSAL DECIMAL CLASSIFICATION NUMBER | |
| Universal Decimal Classification number | D 681.3(082.2) |
| Item number | K52 |
| 245 ## - TITLE STATEMENT | |
| Title | Statistical association methods for mechanized documentation |
| Statement of responsibility, etc. | / U. S. Department of Commerce |
| 260 ## - PUBLICATION, DISTRIBUTION, ETC. | |
| Place of publication, distribution, etc. | California: |
| Name of publisher, distributor, etc. | U. S. Department of Commerce, |
| Date of publication, distribution, etc. | 1964 |
| 300 ## - PHYSICAL DESCRIPTION | |
| Extent | 261p. |
| 650 ## - SUBJECT ADDED ENTRY--TOPICAL TERM | |
| Topical term or geographic name entry element | Automation |
| 653 ## - INDEX TERM--UNCONTROLLED | |
| Uncontrolled term | Indexing |
| 700 ## - ADDED ENTRY--PERSONAL NAME | |
| Personal name | Stevens, Mary Elizabeth (Ed.) |
| 942 ## - ADDED ENTRY ELEMENTS (KOHA) | |
| Source of classification or shelving scheme | Universal Decimal Classification |
| Koha item type | Proceedings |
No items available.